[Event "DVM U14w 2013"]
[Site "Oberbernhards-Hilders GER"]
[Date "2013.12.27"]
[Round "1"]
[White "Poetsch, Leonore"]
[Black "Moses, Selina"]
[Result "1/2-1/2"]
[Termination "normal"]
[Board "1.1"]
[WhiteElo "1477"]
[BlackElo "1723"]
[WhiteTeam "SK Langen"]
[BlackTeam "SV Muldental Wilkau-Haßlau"]
[WhiteFideId "12940372"]
[BlackFideId "12908070"]
[EventCountry "GER"]
[EventRounds "7"]
[EventType "team-swiss"]
[EventDate "2013.12.26"]

1. e4 c5 2. Nf3 d6 3. d4 cxd4 4. Nxd4 Nf6 5. Nc3 a6 6. Be3 e6 7. f3 b5 8. Qd2
Bb7 9. O-O-O Nbd7 10. h4 Nb6 11. a3 d5 12. e5 Nfd7 13. Qf2 Nc4 14. Bxc4 bxc4
15. f4 g6 16. g4 Bg7 17. h5 Qe7 18. Rh2 O-O-O 19. h6 Bf8 20. g5 Nc5 21. Nf3 Qc7
22. Qg1 Qa5 23. Bd2 Qc7 24. Nd4 Kb8 25. Qe1 Ka8 26. Nce2 Rb8 27. Ba5 Qd7 28.
Rh3 Na4 29. Nc3 Nxc3 30. Qxc3 Be7 31. Nf3 Bc6 32. Nh2 Rb7 33. Qd4 Rhb8 34. Bc3
Rb5 35. Ng4 Bc5 36. Nf6 Qb7 37. Qd2 Bxa3 38. Qd4 Bc5 39. Qd2 Rxb2 40. Qe2 Rb1+
41. Kd2 Rxd1+ 42. Qxd1 d4 43. Ba1 c3+ 44. Ke1 Bb5 45. Nxh7 Qg2 46. Qf3+ Qxf3
47. Rxf3 Rh8 48. Nf6 Be7 49. Kd1 Bxf6 50. exf6 Kb7 51. Bxc3 dxc3 52. Rxc3 Kb6
53. Kd2 a5 54. Ke3 Bc6 55. Kd4 Bd5 56. Ke5 a4 57. Kd6 Kb5 58. Ke7 e5 59. fxe5
Kb4 60. Rd3 Bc4 61. Rd1 a3 62. c3+ Kb3 63. Re1 a2 64. Rh1 Kb2 65. Rh2+ Kb3 66.
Rh1 Be6 67. Rg1 Bc4 1/2-1/2

[Event "DVM U14w 2013"]
[Site "Oberbernhards-Hilders GER"]
[Date "2013.12.27"]
[Round "1"]
[White "Simon, Tessa"]
[Black "Reinecke, Katharina"]
[Result "1-0"]
[Termination "normal"]
[Board "1.2"]
[WhiteElo "1620"]
[BlackElo "1583"]
[WhiteTeam "SV Muldental Wilkau-Haßlau"]
[BlackTeam "SK Langen"]
[WhiteFideId "12929395"]
[BlackFideId "12929727"]
[EventCountry "GER"]
[EventRounds "7"]
[EventType "team-swiss"]
[EventDate "2013.12.26"]

1. e4 c6 2. d4 d5 3. exd5 cxd5 4. c4 Nf6 5. Nc3 e6 6. Nf3 Nbd7 7. cxd5 Nxd5 8.
Bd3 Nxc3 9. bxc3 Be7 10. O-O O-O 11. Bc2 h6 12. Qd3 Nf6 13. Re1 b6 14. Ne5 Bb7
15. Qg3 Nh5 16. Qg4 Nf6 17. Qh3 Re8 18. Re3 Bf8 19. Rg3 Be4 20. Ba4 Bf5 21.
Qxh6 g6 22. Qe3 Bd6 23. Bxe8 Qxe8 24. Qe1 Nd5 25. Rf3 b5 26. g4 Bxe5 27. gxf5
Bd6 28. fxe6 fxe6 29. Bh6 Qe7 30. Qe4 Kh7 31. Rh3 Nxc3 32. Bd2+ Kg7 33. Qxa8
Ne2+ 34. Kf1 Nf4 35. Qh8+ 1-0

[Event "DVM U14w 2013"]
[Site "Oberbernhards-Hilders GER"]
[Date "2013.12.27"]
[Round "1"]
[White "Flach, Helene"]
[Black "Fromm, Katja"]
[Result "1-0"]
[Termination "normal"]
[Board "1.3"]
[WhiteElo "1323"]
[BlackElo "1595"]
[WhiteTeam "SK Langen"]
[BlackTeam "SV Muldental Wilkau-Haßlau"]
[WhiteFideId "12929735"]
[BlackFideId "12929409"]
[EventCountry "GER"]
[EventRounds "7"]
[EventType "team-swiss"]
[EventDate "2013.12.26"]

1. e4 c5 2. Nf3 Nc6 3. d4 cxd4 4. Nxd4 Nf6 5. Nc3 e5 6. Ndb5 d6 7. Bg5 a6 8.
Na3 b5 9. Nd5 Be7 10. Bxf6 Bxf6 11. c4 Qa5+ 12. Qd2 Qxd2+ 13. Kxd2 O-O 14. cxb5
axb5 15. Nxb5 Rd8 16. Bd3 Bg5+ 17. Ke2 Be6 18. Nbc3 Ne7 19. Bc4 Nxd5 20. Bxd5
Rab8 21. Rab1 Rb4 22. a3 Rd4 23. Rhd1 Rxd1 24. Rxd1 Be7 25. f3 h5 26. g3 g5 27.
Ke3 Rb8 28. Rb1 Rb3 29. Bxb3 Bxb3 30. a4 Bd8 31. Ra1 Bb6+ 32. Ke2 Ba5 33. Nb5
d5 34. exd5 Bxd5 35. Rd1 Bb3 36. Ra1 Kg7 37. Ke3 f6 38. Ra3 Bc4 39. Nd6 Be6 40.
Ra1 Bb3 41. Nb7 Bb6+ 42. Ke2 Bd4 43. a5 Bxb2 44. Rb1 Bc4+ 45. Kd2 Bd4 46. Nd6
Be6 47. a6 Kg6 48. Rb7 Bd5 49. Rb1 Bxf3 50. Nb5 Be4 51. Rb4 Bc6 52. Nxd4 exd4
53. Rxd4 g4 54. a7 {nicht nachvollziehbar} 1-0

[Event "DVM U14w 2013"]
[Site "Oberbernhards-Hilders GER"]
[Date "2013.12.27"]
[Round "1"]
[White "Von Jan, Lena"]
[Black "Lehnert, Anna-Victoria"]
[Result "1-0"]
[Termination "normal"]
[Board "1.4"]
[WhiteElo "1373"]
[BlackElo "1021"]
[WhiteTeam "SV Muldental Wilkau-Haßlau"]
[BlackTeam "SK Langen"]
[WhiteFideId "12946060"]
[BlackFideId "12957062"]
[EventCountry "GER"]
[EventRounds "7"]
[EventType "team-swiss"]
[EventDate "2013.12.26"]

1. e4 e5 2. Nf3 Nc6 3. Bb5 a6 4. Ba4 d6 5. c3 Bd7 6. d4 exd4 7. cxd4 Nf6 8. Nc3
g6 9. Bg5 h6 10. Bf4 Qe7 11. Qe2 b5 12. Bb3 Bg4 13. Rd1 Bg7 14. h3 Nh5 15. Be3
Bd7 16. Nd5 Qd8 17. Qc2 O-O 18. O-O Re8 19. Rfe1 Rc8 20. Qd3 Nf6 21. Nxf6+ Bxf6
22. Bxh6 g5 23. Qe3 g4 24. hxg4 Bxg4 25. Qf4 Bh5 26. Qg3+ Kh8 27. Qf4 Rg8 28.
Qe3 Bxf3 29. Qxf3 Qe7 30. Qh5 Rg6 31. Bf8+ Kg8 32. Bxe7 Rg5 33. Qxf7+ 1-0

[Event "DVM U14w 2013"]
[Site "Oberbernhards-Hilders GER"]
[Date "2013.12.27"]
[Round "1"]
[White "Wächter, Nathalie"]
[Black "Reyher, Susan"]
[Result "1-0"]
[Termination "normal"]
[Board "2.1"]
[WhiteElo "1733"]
[BlackElo "1462"]
[WhiteTeam "Tura Harksheide"]
[BlackTeam "SV "Glück auf" Rüdersdorf"]
[WhiteFideId "12921033"]
[BlackFideId "24686107"]
[EventCountry "GER"]
[EventRounds "7"]
[EventType "team-swiss"]
[EventDate "2013.12.26"]

1. d4 d5 2. Nf3 Nf6 3. Bf4 Bf5 4. c4 e6 5. Nc3 Nbd7 6. e3 Be7 7. Be2 O-O 8. O-O
c5 9. cxd5 exd5 10. dxc5 Nxc5 11. Nd4 Bg6 12. Nb3 Ne6 13. Bg3 a6 14. Rc1 Qd7
15. Qd2 Rfd8 16. Rfd1 b5 17. Bf3 Bb4 18. Bh4 Nc7 19. Bxf6 gxf6 20. a3 Bxc3 21.
Qxc3 Rac8 22. Qxf6 Qe6 23. Qd4 Qd6 24. Qd2 f6 25. h3 Bf7 26. Nd4 Kh8 27. Rc6
Qe7 28. Bg4 Ne6 29. Rxc8 Rxc8 30. Nxe6 Bxe6 31. Bxe6 Qxe6 32. Qxd5 Qxd5 33.
Rxd5 Rc1+ 34. Kh2 Rc6 35. Kg3 Kg7 36. Rd2 Kg6 37. Kf4 Re6 38. Rd7 h6 39. g4 h5
40. gxh5+ Kxh5 41. Kf5 1-0

[Event "DVM U14w 2013"]
[Site "Oberbernhards-Hilders GER"]
[Date "2013.12.27"]
[Round "1"]
[White "Schmid, Katharina"]
[Black "Köhler, Inken"]
[Result "0-1"]
[Termination "normal"]
[Board "2.2"]
[WhiteElo "1349"]
[BlackElo "1618"]
[WhiteTeam "SV "Glück auf" Rüdersdorf"]
[BlackTeam "Tura Harksheide"]
[WhiteFideId "12918210"]
[BlackFideId "12929301"]
[EventCountry "GER"]
[EventRounds "7"]
[EventType "team-swiss"]
[EventDate "2013.12.26"]

1. e4 e5 2. Nf3 Nc6 3. Bc4 Nf6 4. d4 exd4 5. O-O d5 6. exd5 Nxd5 7. Re1+ Be7 8.
c3 Nb6 9. Bb5 Bd7 10. Bxc6 Bxc6 11. Nxd4 Bd5 12. Bf4 O-O 13. Qg4 Bf6 14. Nb5
Be6 15. Qg3 Bh4 16. Qf3 Nd5 17. c4 Nxf4 18. Qxf4 Qf6 19. Qxf6 Bxf6 20. N1c3
Bxc4 21. Nxc7 Rac8 22. N7d5 Bxd5 23. Nxd5 Bxb2 24. Ne7+ Kh8 25. Rab1 Rc2 26. g3
Bd4 27. Rf1 b6 28. a4 Re8 29. Rbe1 Rd8 30. Nf5 Bc5 31. Ne3 Ra2 32. Rd1 Re8 33.
Rd7 Rxa4 34. Rxf7 Kg8 35. Rd7 Rf8 36. Ng4 Rxg4 0-1

[Event "DVM U14w 2013"]
[Site "Oberbernhards-Hilders GER"]
[Date "2013.12.27"]
[Round "1"]
[White "Giede, Anna-Blume"]
[Black "Bießlich, Susan"]
[Result "0-1"]
[Termination "normal"]
[Board "2.3"]
[WhiteElo "1453"]
[BlackElo "1221"]
[WhiteTeam "Tura Harksheide"]
[BlackTeam "SV "Glück auf" Rüdersdorf"]
[WhiteFideId "12921980"]
[BlackFideId "12983349"]
[EventCountry "GER"]
[EventRounds "7"]
[EventType "team-swiss"]
[EventDate "2013.12.26"]

1. e4 e5 2. Bc4 Nf6 3. Nc3 Nxe4 4. Qh5 Nd6 5. Bb3 g6 6. Qf3 Nc6 7. Nb5 Qe7 8.
Nxc7+ Kd8 9. Nxa8 Nf5 10. d3 d6 11. Nh3 h6 12. Be3 Bg7 13. O-O g5 14. g4 Nh4
15. Qe2 f5 16. f3 f4 17. Bd2 h5 18. Nf2 Nd4 19. Qe4 Ndxf3+ 20. Kh1 Nxd2 21. Qe2
Ndf3 22. Rad1 hxg4 0-1

[Event "DVM U14w 2013"]
[Site "Oberbernhards-Hilders GER"]
[Date "2013.12.27"]
[Round "1"]
[White "Friedrich, Laura"]
[Black "Janke, Luisa"]
[Result "0-1"]
[Termination "normal"]
[Board "2.4"]
[WhiteElo "932"]
[BlackElo "1428"]
[WhiteTeam "SV "Glück auf" Rüdersdorf"]
[BlackTeam "Tura Harksheide"]
[WhiteFideId "12952249"]
[BlackFideId "12925225"]
[EventCountry "GER"]
[EventRounds "7"]
[EventType "team-swiss"]
[EventDate "2013.12.26"]

1. e4 c6 2. Nf3 d5 3. exd5 cxd5 4. Nc3 Nf6 5. d4 Bf5 6. Bg5 Qb6 7. Bxf6 exf6 8.
Rb1 Bb4 9. a3 Bxc3+ 10. bxc3 Qa5 11. Rb3 O-O 12. Be2 Nc6 13. O-O Qc7 14. Re1
Na5 15. Rb5 Qxc3 16. Rxd5 Qxa3 17. Rxf5 Rad8 18. Bd3 Nc6 19. Rh5 g6 20. Rh4 Qc3
21. Bb5 Nb4 22. Ba4 Rd6 23. Re7 Ra6 24. Bb3 Ra1 25. Qf1 Rxf1+ 26. Kxf1 Nxc2 27.
Ba4 Qc4+ 28. Kg1 Qxa4 29. h3 Qb4 30. Kh2 Qxe7 31. Kh1 Qe2 32. Kg1 Ne1 33. Nxe1
Qxe1+ 34. Kh2 Qxf2 35. Re4 Rd8 36. d5 Rxd5 37. Rg4 Rd2 38. h4 h5 39. Rg3 Rd1
40. Rh3 Qf4+ 41. Rg3 Rh1+ 42. Kxh1 Qxg3 43. Kg1 a5 44. Kf1 a4 45. Ke2 a3 46.
Kd2 a2 47. Kc2 a1=Q 48. Kd2 Qb3 49. Ke2 Qaa2+ 50. Kf1 Qbb1# 0-1

[Event "DVM U14w 2013"]
[Site "Oberbernhards-Hilders GER"]
[Date "2013.12.27"]
[Round "1"]
[White "Walker, Julia"]
[Black "Gatzke, Carolin"]
[Result "0-1"]
[Termination "normal"]
[Board "3.1"]
[WhiteElo "1545"]
[BlackElo "1731"]
[WhiteTeam "SG Porz"]
[BlackTeam "SK Blauer Springer Paderborn"]
[WhiteFideId "1271852"]
[BlackFideId "12943746"]
[EventCountry "GER"]
[EventRounds "7"]
[EventType "team-swiss"]
[EventDate "2013.12.26"]

1. e4 c5 2. c3 d5 3. exd5 Qxd5 4. d4 Nf6 5. Nf3 Bg4 6. Be2 e6 7. O-O Nc6 8. Be3
cxd4 9. cxd4 Be7 10. Nc3 Qd6 11. Re1 O-O 12. Qd2 Rfd8 13. Rad1 Nd5 14. Ne4 Qb4
15. a3 Qb6 16. Qc2 Rac8 17. Qb1 Qc7 18. h3 Bh5 19. b4 Bg6 20. Bd3 Bxe4 21. Bxe4
Nc3 22. Qd3 Nxd1 23. Rxd1 g6 24. Bh6 Bf6 25. h4 Nxd4 26. Rc1 Qd6 27. Rd1 Nxf3+
28. gxf3 Qxd3 29. Rxd3 Rxd3 30. Bxd3 Bxh4 31. Be4 g5 32. f4 Rc4 33. f3 f5 34.
Bxb7 Rxf4 35. b5 Ra4 36. Kf1 Rxa3 0-1

[Event "DVM U14w 2013"]
[Site "Oberbernhards-Hilders GER"]
[Date "2013.12.27"]
[Round "1"]
[White "Möller, Lisa-Marie"]
[Black "Sewald, Kathrin"]
[Result "1/2-1/2"]
[Termination "normal"]
[Board "3.2"]
[WhiteElo "1453"]
[BlackElo "1552"]
[WhiteTeam "SK Blauer Springer Paderborn"]
[BlackTeam "SG Porz"]
[WhiteFideId "12959367"]
[BlackFideId "12964557"]
[EventCountry "GER"]
[EventRounds "7"]
[EventType "team-swiss"]
[EventDate "2013.12.26"]

1. e4 e5 2. Nf3 Nc6 3. d4 exd4 4. Bc4 Nf6 5. Ng5 Ne5 6. Qxd4 d6 7. Bb3 c5 8.
Qd1 c4 9. Ba4+ Bd7 10. Bxd7+ Qxd7 11. Nc3 b6 12. Nf3 Qc6 13. Qe2 Be7 14. O-O
O-O 15. Bf4 Ng6 16. Bg3 Rfe8 17. h3 Bf8 18. Rfe1 a6 19. Qe3 b5 20. Qd4 b4 21.
Nd5 Nxd5 22. Qxd5 Qxd5 23. exd5 f6 24. Nd4 Ne5 25. Re2 Rec8 26. Re3 Ra7 27. Nf3
Rc5 28. Rd1 a5 29. Nxe5 dxe5 30. c3 Rd7 31. Re4 Rdxd5 32. Rxd5 Rxd5 33. Rxc4
Rd2 34. cxb4 axb4 35. a3 bxa3 36. bxa3 Bxa3 37. f4 Bb2 38. fxe5 Bxe5 39. Bxe5
fxe5 40. Re4 Rd5 41. Kf2 Kf7 42. Kf3 Kf6 43. Ke3 Kf5 44. Ra4 Rd4 45. Ra7 g6 46.
Rf7+ Kg5 47. Re7 Kf6 48. Ra7 Rd6 49. Ra2 g5 50. Ke4 Rd4+ 51. Ke3 Kf5 52. Ra5 h5
53. Ra8 Re4+ 54. Kd3 Rf4 55. Ke3 e4 56. Ra5+ Kf6 57. Ra4 Rf1 58. Rxe4 Re1+ 59.
Kf3 Rf1+ 60. Kg3 h4+ 61. Kg4 Rf2 62. g3 Rg2 63. Re3 Rxg3+ 64. Rxg3 hxg3 65.
Kxg3 1/2-1/2

[Event "DVM U14w 2013"]
[Site "Oberbernhards-Hilders GER"]
[Date "2013.12.27"]
[Round "1"]
[White "Maier, Nicole"]
[Black "Schmidtmann, Samantha"]
[Result "1-0"]
[Termination "normal"]
[Board "3.3"]
[WhiteElo "1028"]
[BlackElo "1368"]
[WhiteTeam "SG Porz"]
[BlackTeam "SK Blauer Springer Paderborn"]
[WhiteFideId "12964573"]
[BlackFideId "12956759"]
[EventCountry "GER"]
[EventRounds "7"]
[EventType "team-swiss"]
[EventDate "2013.12.26"]

1. e4 c5 2. Nf3 d6 3. d4 cxd4 4. Nxd4 Nf6 5. Nc3 a6 6. Be2 e5 7. Nb3 Be7 8. a3
O-O 9. O-O Be6 10. Nd2 Nc6 11. b3 Nd4 12. Bd3 Rc8 13. Bb2 d5 14. f3 Bc5 15. Kh1
b5 16. Ne2 Qc7 17. Nxd4 Bxd4 18. Bxd4 exd4 19. Rc1 dxe4 20. Nxe4 Nd5 21. Qd2
Ne3 22. Rfe1 h6 23. b4 Rfd8 24. c3 Nc4 25. Bxc4 dxc3 26. Qxc3 Bxc4 27. Nc5 Qc6
28. Red1 Be2 29. Rd2 Bc4 30. Rdd1 Rd6 31. Rxd6 Qxd6 32. Qc2 Rc7 33. Qd1 Qxd1+
34. Rxd1 Rc6 35. Rd8+ Kh7 36. h3 Be6 37. Ra8 Bc8 38. Ra7 f6 39. Kg1 Rd6 40. Ra8
Rc6 41. Ra7 h5 42. Kf2 Kh6 43. Ra8 Kg5 44. Ne4+ Kf5 45. g4+ hxg4 46. hxg4+ Kf4
47. Nc5 g5 48. Nd3# 1-0

[Event "DVM U14w 2013"]
[Site "Oberbernhards-Hilders GER"]
[Date "2013.12.27"]
[Round "1"]
[White "Walow, Xenia"]
[Black "Mohseni, Marie"]
[Result "1-0"]
[Termination "normal"]
[Board "3.4"]
[WhiteElo "1352"]
[BlackElo "765"]
[WhiteTeam "SK Blauer Springer Paderborn"]
[BlackTeam "SG Porz"]
[WhiteFideId "12971839"]
[BlackFideId "12983365"]
[EventCountry "GER"]
[EventRounds "7"]
[EventType "team-swiss"]
[EventDate "2013.12.26"]

1. d4 d5 2. Bf4 Bf5 3. Nf3 Nc6 4. c3 g6 5. e3 Be4 6. Nbd2 Bg7 7. Nxe4 dxe4 8.
Nd2 Nf6 9. Qc2 O-O 10. Nxe4 Nd5 11. Bg3 Rc8 12. Bd3 e5 13. O-O Re8 14. Qb3 Na5
15. Qa3 b6 16. b4 Nc6 17. Nd2 Qd6 18. Bc4 a5 19. Qb3 Rcd8 20. e4 axb4 21. Bxd5
Rf8 22. Nf3 bxc3 23. Qxc3 exd4 24. Bxd6 dxc3 25. Bxf8 Rxf8 26. Bxc6 c2 27. Rac1
Rd8 28. Rxc2 Bf6 29. Bd5 c5 30. Rd1 Rd7 31. e5 Bd8 32. e6 Rc7 33. exf7+ Kf8 34.
Bc4 Be7 35. Re2 h5 36. Rxe7 Kxe7 37. Re1+ 1-0

[Event "DVM U14w 2013"]
[Site "Oberbernhards-Hilders GER"]
[Date "2013.12.27"]
[Round "1"]
[White "Neumann, Isabel"]
[Black "Sadewasser, Lucie"]
[Result "1/2-1/2"]
[Termination "normal"]
[Board "4.1"]
[WhiteElo "1508"]
[BlackElo "1542"]
[WhiteTeam "SV 1919 Grimma"]
[BlackTeam "TSG Gadebusch"]
[WhiteFideId "12964468"]
[BlackFideId "12905445"]
[EventCountry "GER"]
[EventRounds "7"]
[EventType "team-swiss"]
[EventDate "2013.12.26"]

1. d4 Nf6 2. Nf3 d6 3. c4 c5 4. d5 b5 5. cxb5 a6 6. Nc3 axb5 7. g3 b4 8. Nb1
Bb7 9. Bg2 Bxd5 10. b3 Nbd7 11. O-O e6 12. Nbd2 Nb6 13. Qc2 Bb7 14. Re1 Be7 15.
e4 O-O 16. e5 dxe5 17. Rxe5 Nbd5 18. Bb2 Nd7 19. Ree1 Nc3 20. a4 Ra7 21. Nc4
Ba6 22. Ne3 Bf6 23. Nd1 Nxd1 24. Raxd1 Bxb2 25. Qxb2 Qf6 26. Qxf6 Nxf6 27. Ne5
Rc7 28. Rc1 h6 29. Bc6 c4 30. bxc4 Rfc8 31. Bb5 Bxb5 32. axb5 Ne8 33. Nc6 Nd6
34. Red1 Rxc6 35. bxc6 Rxc6 36. c5 Ne4 37. Rd4 Rxc5 38. Rxc5 Nxc5 39. Rxb4 Kf8
40. Kf1 Ke7 41. Ke2 Kf6 42. Kf3 Nd3 43. Rd4 Ne5+ 44. Ke3 h5 45. h3 g5 46. Ra4
Nd7 47. Rc4 Nb6 48. Rc5 Na4 49. Rc4 1/2-1/2

[Event "DVM U14w 2013"]
[Site "Oberbernhards-Hilders GER"]
[Date "2013.12.27"]
[Round "1"]
[White "Dorendorf, Lena"]
[Black "Peters, Theresa"]
[Result "0-1"]
[Termination "normal"]
[Board "4.2"]
[WhiteElo "1160"]
[BlackElo "1618"]
[WhiteTeam "TSG Gadebusch"]
[BlackTeam "SV 1919 Grimma"]
[WhiteFideId "12983373"]
[BlackFideId "12952192"]
[EventCountry "GER"]
[EventRounds "7"]
[EventType "team-swiss"]
[EventDate "2013.12.26"]

1. e4 c5 2. Nf3 a6 3. Nc3 Nc6 4. Bc4 e6 5. d4 cxd4 6. Nxd4 Nf6 7. Be3 Bb4 8.
Nxc6 bxc6 9. Qd3 d5 10. exd5 Bxc3+ 11. Qxc3 cxd5 12. Bd3 O-O 13. Qe5 Ng4 14.
Bxh7+ Kxh7 15. Qh5+ Nh6 16. g4 f6 17. h4 Qe8 18. Qxe8 Rxe8 19. g5 Ng4 20. Bd2
Bb7 21. Rg1 Ne5 22. Rg3 Rac8 23. c3 Nc4 24. O-O-O Red8 25. Rdg1 fxg5 26. Rxg5
Rd7 27. h5 Nxd2 28. Kxd2 d4 29. R1g3 dxc3+ 30. Ke2 c2 31. Rg1 c1=Q 32. Rxc1
Rxc1 0-1

[Event "DVM U14w 2013"]
[Site "Oberbernhards-Hilders GER"]
[Date "2013.12.27"]
[Round "1"]
[White "Du, Katharina"]
[Black "Schilay, Eva"]
[Result "1-0"]
[Termination "normal"]
[Board "5.2"]
[WhiteElo "1513"]
[BlackElo "1232"]
[WhiteTeam "SV Empor Berlin"]
[BlackTeam "SK Neumarkt"]
[WhiteFideId "12945757"]
[BlackFideId "12930164"]
[EventCountry "GER"]
[EventRounds "7"]
[EventType "team-swiss"]
[EventDate "2013.12.26"]

1. c4 e5 2. Nc3 Nc6 3. g3 Bc5 4. Bg2 Nge7 5. d3 d6 6. Nf3 Bf5 7. O-O O-O 8. Ng5
h6 9. Nge4 Bb6 10. a3 a6 11. b4 Qc8 12. Bb2 Bh3 13. e3 Ba7 14. Qh5 Bxg2 15.
Kxg2 Qf5 16. Qxf5 Nxf5 17. Nd5 Rac8 18. Rac1 Rfd8 19. Rce1 Nfe7 20. Nec3 Rd7
21. f4 exf4 22. exf4 Bd4 23. Ba1 Nxd5 24. Nxd5 Ba7 25. f5 Nd4 26. Ne7+ Kf8 27.
Nxc8 Nc2 28. Nxa7 Nxe1+ 29. Rxe1 d5 30. f6 g6 31. Nc8 dxc4 32. dxc4 Rd2+ 33.
Kg1 Rd3 34. Bb2 Rd2 35. Bc1 Rc2 36. Bxh6+ Kg8 37. Re8+ Kh7 38. Bg5 Rxc4 39. Re7
Kg8 40. Bh6 Rc6 41. Bg7 Rc1+ 42. Kg2 Rc2+ 43. Kh3 Rc4 44. Re8+ Kh7 45. Rh8# 1-0

[Event "DVM U14w 2013"]
[Site "Oberbernhards-Hilders GER"]
[Date "2013.12.27"]
[Round "1"]
[White "Schilay, Maria"]
[Black "Berdin, Victoria"]
[Result "0-1"]
[Termination "normal"]
[Board "5.3"]
[WhiteElo "1090"]
[BlackElo "1469"]
[WhiteTeam "SK Neumarkt"]
[BlackTeam "SV Empor Berlin"]
[WhiteFideId "12942979"]
[EventCountry "GER"]
[EventRounds "7"]
[EventType "team-swiss"]
[EventDate "2013.12.26"]

1. e4 e5 2. Nf3 Nc6 3. d4 exd4 4. Bc4 Bc5 5. c3 d6 6. Nxd4 Bxd4 7. cxd4 Nf6 8.
Nc3 O-O 9. O-O Re8 10. Bd3 Nxd4 11. Be3 Nc6 12. f4 d5 13. Bc2 d4 14. Qf3 dxe3
15. Qxe3 Qd4 16. Qf2 Qxf2+ 17. Rxf2 b6 18. e5 Nd7 19. Re1 Nc5 20. Re3 Be6 21.
a3 a5 22. Rg3 Rad8 23. Rg5 h6 24. Rh5 Bg4 25. Rh4 Be6 26. Rf3 Kf8 27. Rg3 Rd2
28. Bd1 Ne7 29. Rf3 Ng6 30. Rh5 Bg4 31. Rhh3 Bxh3 32. Rxh3 Nxf4 33. Rg3 Ncd3
34. h4 Rxe5 35. Kh2 b5 36. Bf3 Rxb2 37. Ne4 f5 38. Nc3 b4 39. axb4 axb4 40. Nd1
Rd2 41. h5 b3 42. Kh1 b2 43. Nxb2 Rxb2 44. Kh2 c5 45. Kh1 Re1+ 46. Kh2 Nf2 47.
Rh3 Rh1+ 48. Kg3 N4xh3 49. gxh3 Rxh3+ 50. Kf4 Rxf3+ 51. Kxf3 c4 52. Kf4 c3 53.
Kxf5 Kf7 54. Ke5 c2 55. Kd6 c1=Q 56. Ke5 Re2+ 57. Kf5 Qg5# 0-1

[Event "DVM U14w 2013"]
[Site "Oberbernhards-Hilders GER"]
[Date "2013.12.27"]
[Round "1"]
[White "Alcer, Johanna"]
[Black "Held, Fabienne"]
[Result "1-0"]
[Termination "normal"]
[Board "5.4"]
[WhiteElo "999"]
[BlackElo "882"]
[WhiteTeam "SV Empor Berlin"]
[BlackTeam "SK Neumarkt"]
[WhiteFideId "12964450"]
[BlackFideId "12964670"]
[EventCountry "GER"]
[EventRounds "7"]
[EventType "team-swiss"]
[EventDate "2013.12.26"]

1. e4 e5 2. Nf3 Nc6 3. Bc4 Bc5 4. d3 d6 5. c3 Bg4 6. b4 Bb6 7. a4 a6 8. a5 Ba7
9. O-O Nge7 10. Re1 Qd7 11. Nbd2 O-O-O 12. Nf1 Ng6 13. h3 Be6 14. Bb3 Qe7 15.
Be3 Bxe3 16. Nxe3 Qf6 17. Nd5 Bxd5 18. exd5 Nce7 19. Qd2 Nf4 20. Kh2 Nf5 21. d4
Qg6 22. g3 Nh5 23. Qg5 h6 24. Qxg6 fxg6 25. dxe5 Ne7 26. exd6 Nf5 27. dxc7 Kxc7
28. Ne5 Rhf8 29. Nxg6 Rg8 30. d6+ Nxd6 31. Bxg8 Rxg8 32. Rad1 Nf6 33. Re7+ Kc6
34. Ne5+ Kb5 35. Rxd6 Rc8 36. Rxb7+ Ka4 37. Rxg7 Rxc3 38. Rxf6 Rc2 39. Kg2 h5
40. Rxa6 Rc3 41. Rc6 Rxc6 42. Nxc6 h4 43. gxh4 Kb5 44. h5 Ka4 45. h6 Kb5 46. h7
Ka4 47. h8=Q Kb5 48. Qh5+ Ka4 49. b5 Kb3 50. Rg3+ Kb2 51. Qe2+ Kb1 52. Kh2 Kc1
53. Rg1# 1-0

[Event "DVM U14w 2013"]
[Site "Oberbernhards-Hilders GER"]
[Date "2013.12.27"]
[Round "1"]
[White "Usczeck, Alina"]
[Black "Mütsch, Annmarie"]
[Result "1-0"]
[Termination "normal"]
[Board "6.1"]
[WhiteElo "1554"]
[BlackElo "1491"]
[WhiteTeam "SV Turm Lahnstein"]
[BlackTeam "Karlsruher SF 1853"]
[WhiteFideId "12938114"]
[BlackFideId "12971367"]
[EventCountry "GER"]
[EventRounds "7"]
[EventType "team-swiss"]
[EventDate "2013.12.26"]

1. d4 d5 2. c4 e6 3. Nc3 Nf6 4. Bg5 Be7 5. e3 c6 6. Nf3 Nbd7 7. cxd5 cxd5 8.
Bd3 a6 9. O-O O-O 10. h3 h6 11. Bf4 Ne8 12. Rb1 Bd6 13. Bxd6 Nxd6 14. Qe2 Qe7
15. Rfc1 b5 16. e4 dxe4 17. Nxe4 Bb7 18. Nc5 Bd5 19. b3 Rfd8 20. a4 bxa4 21.
bxa4 a5 22. Na6 Bb7 23. Rc7 Bxa6 24. Bxa6 Rdb8 25. Rxb8+ Rxb8 26. Ne5 Rb1+ 27.
Kh2 Qh4 28. Rxd7 Qf4+ 29. g3 Qxd4 30. Rd8+ Kh7 31. Bd3+ g6 32. Bxb1 Qb6 33. Rd7
Kg7 34. Bxg6 Qd4 35. Bxf7 1-0

[Event "DVM U14w 2013"]
[Site "Oberbernhards-Hilders GER"]
[Date "2013.12.27"]
[Round "1"]
[White "Bykov, Ilona"]
[Black "Ley, Sabrina"]
[Result "0-1"]
[Termination "normal"]
[Board "6.2"]
[WhiteElo "1200"]
[BlackElo "1487"]
[WhiteTeam "Karlsruher SF 1853"]
[BlackTeam "SV Turm Lahnstein"]
[WhiteFideId "12964433"]
[BlackFideId "12938130"]
[EventCountry "GER"]
[EventRounds "7"]
[EventType "team-swiss"]
[EventDate "2013.12.26"]

1. e4 c5 2. c3 Nf6 3. d4 cxd4 4. cxd4 Nxe4 5. Bd3 Nf6 6. Nf3 Nc6 7. Nc3 e6 8.
Bf4 a6 9. O-O d5 10. Rc1 Bd6 11. Qd2 O-O 12. Rfe1 b5 13. Bxd6 Qxd6 14. a3 Bb7
15. b4 Qd8 16. Ne2 Qb6 17. Nf4 a5 18. Rb1 axb4 19. axb4 Ra4 20. Bc2 Ra2 21.
Bxh7+ Nxh7 22. Qxa2 Nxd4 23. Ne5 Qd6 24. Qd2 Nf5 25. Qd3 Ba6 26. Rec1 Qxe5 27.
Ne2 Qd6 28. Rc2 Ne7 29. Rc5 Rc8 30. Rcc1 Nf6 31. f3 Rxc1+ 32. Nxc1 Nf5 33. g4
Qb6+ 34. Kf1 Ne3+ 35. Ke2 Nc4 36. Nb3 Qc6 0-1

[Event "DVM U14w 2013"]
[Site "Oberbernhards-Hilders GER"]
[Date "2013.12.27"]
[Round "1"]
[White "Reitz, Theresa"]
[Black "Henke, Hanna"]
[Result "1-0"]
[Termination "normal"]
[Board "6.3"]
[WhiteElo "1308"]
[BlackElo "1178"]
[WhiteTeam "SV Turm Lahnstein"]
[BlackTeam "Karlsruher SF 1853"]
[WhiteFideId "12971901"]
[BlackFideId "12964441"]
[EventCountry "GER"]
[EventRounds "7"]
[EventType "team-swiss"]
[EventDate "2013.12.26"]

1. d4 d5 2. c4 dxc4 3. e4 e5 4. dxe5 Qxd1+ 5. Kxd1 Be6 6. Be3 Nc6 7. Nf3 O-O-O+
8. Kc2 Kb8 9. Nbd2 Bb4 10. Nxc4 f6 11. Be2 Bxc4 12. Bxc4 fxe5 13. Rad1 Nf6 14.
Ng5 h6 15. Ne6 Rd7 16. Rxd7 Nxd7 17. Nxg7 Nd4+ 18. Bxd4 exd4 19. Kd3 c5 20. f4
Rf8 21. Nf5 h5 22. g3 Nf6 23. h3 a6 24. a4 Kc7 25. e5 Ne8 26. g4 h4 27. Rf1 Rh8
28. Ne7 Rh7 29. Nd5+ Kc6 30. Nxb4+ cxb4 31. f5 Kc5 32. f6 b5 33. axb5 axb5 34.
Bg8 Rc7 35. Rc1+ Kb6 36. Rxc7 Nxc7 37. e6 Nd5 38. f7 Nf4+ 39. Kxd4 Nxe6+ 40.
Kd5 Nc7+ 41. Kd6 b3 42. f8=Q Na6 43. Qd8+ Kb7 44. Bd5+ Ka7 45. Qd7+ Kb6 46.
Qb7+ Ka5 47. Bc6 Nc7 48. Qxc7+ Kb4 49. Qf7 Ka5 50. Qxb3 1-0